000 00496ntaaa2200193 4500
003 01
005 20251027203132.0
008 0714s1973 ag 01
040 _aAR-BaBN
_bspa
_cAR-BaBN
_eaacr
_dRIC
082 _a786.3300 D95
100 _aDuvernoy, J.B.
_932828
245 _aEscuela del mecanismo. Quince estudios para piano.
250 _a1 ed.
260 _aBuenos Aires :
_bRicordi Americana,
_cn.f.
300 _a29 p.
650 _aMúsica-Piano
_93594
650 _aPiano
942 _cBK
999 _c26755
_d26755